| 000 | 00896cab a2200217 4500 | ||
|---|---|---|---|
| 001 | ABS40215 | ||
| 008 | 090401t1989 xxu||||| |||| 00| 0 eng d | ||
| 035 | _a(Sirsi) u22232 | ||
| 041 | _aeng | ||
| 100 | _aHolder, W. | ||
| 245 | _aSoftware-based user information | ||
| 260 | _c1989 | ||
| 350 | _a0 | ||
| 490 |
_aBuilding Services _v11(1) January 1989, 39-41(3) |
||
| 520 | _aDescribes the advantages of the CALMS computer software system as a means of recording user information for projects. Information held can include manufacturers details, operating and maintenance manuals, drawings, commissioning records and handover details and has been used both for the Lloyds building and the Union Bank of Switzerland. | ||
| 650 | _aDOCUMENT IMAGE SYSTEMS | ||
| 650 | _aMANAGEMENT-PROJECT MANAGEMENT | ||
| 690 | _aBUILDING AND CONSTRUCTION-COMPUTERS | ||
| 942 | _n0 | ||
| 948 | _c04/03/1997 | ||
| 999 |
_c14892 _d14892 |
||